Tanks Quiz — USSR - Statistics

General Stats
  • This quiz has been taken 389 times
    268 since last reset
  • The average score is 48 of 262
Answer Stats
USSR Tank Type Answer % Correct
Medium Tank T-34
93%
Heavy Tank IS-1
84%
Heavy Tank IS-2
83%
Heavy Tank KV-2
82%
Heavy Tank IS-3
81%
Heavy Tank KV-1
81%
Heavy Tank IS-4
78%
Heavy Tank IS-6
76%
Heavy Tank IS-7
75%
Heavy Tank IS-5
74%
Light Tank T-80
73%
Old Destroyer SU-1
71%
Medium Tank T-54
71%
Heavy Tank IS-8
68%
Heavy Tank T-10
67%
Light Tank T-26
67%
Medium Tank T-34-85
67%
Medium Tank T-44
66%
Light Tank BT-7
64%
Light Tank T-60
64%
Light Tank BT-5
63%
Heavy Tank KV-3
63%
Heavy Tank KV-4
63%
Medium Tank T-28
63%
Light Tank T-50
63%
Light Tank T-70
63%
Heavy Tank KV-5
62%
Tank Destroyer SU-100
62%
Heavy Tank IS-9
61%
Heavy Tank IS-10
60%
Artillery Destroyer | Tank Destroyer SU-12
59%
Tank Destroyer SU-7
59%
Artillery Destroyer SU-8
59%
Artillery Destroyer SU-5
57%
Medium Tank T-62
56%
Heavy Tank T-64
55%
Tank Destroyer KV-7
53%
Tank Destroyer SU-152
53%
Tank Destroyer KV-6
52%
Light Tank BT-2
51%
Tank Destroyer SU-122
51%
Heavy Tank T-35
51%
Tank Destroyer ISU-152
50%
ALT | Light Tank T-40
50%
Old Destroyer SU-2
47%
Tank Destroyer SU-6
47%
Tank Destroyer SU-85
47%
Old Destroyer SU-3
45%
Old Destroyer SU-4
45%
Tank Destroyer ISU-122
42%
Heavy Tank KV-1S
42%
Artillery Destroyer SU-9
42%
Tank Destroyer SU-76
39%
Medium Tank T-43
36%
Tankette T-24
33%
Scout Tank T-25
33%
Medium Tank T-27
33%
ALT T-33
31%
Artillery Destroyer | Tank Destroyer SU-14
30%
Tankette T-23
30%
ALT T-38
30%
Artillery Destroyer | Tank Destroyer SU-18
29%
Scout Tank BT-6
27%
Tankette T-17
27%
Tankette T-21
27%
Medium Tank T-34-100
27%
ALT T-37
27%
Scout Tank T-46
27%
ALT T-39
25%
Scout Tank T-51
25%
Tank Destroyer ASU-57
24%
Scout Tank T-19
24%
ALT T-41
23%
Artillery Destroyer SU-26
22%
Scout Tank BT-7M
21%
Tank Destroyer SU-100Y
21%
Light Tank A-20
18%
Light Tank BT-10
18%
Tank Destroyer ASU-85
17%
Heavy Tank KV-122
17%
Light Tank MS-1
16%
Tank Destroyer SU-37
16%
Tank Destroyer Object 268
15%
Scout Car BA-1
14%
Tank Destroyer SU-45
14%
Tank Destroyer SU-101
13%
Heavy Tank T-150
13%
Scout Car BA-10
12%
Scout Car BA-11
12%
Scout Car BA-3
12%
Scout Car BA-6
12%
Scout Car BA-5
11%
Medium Tank Object 140
11%
Tank Destroyer T-26-4
11%
Medium Tank T-28E
11%
Light Tank A-32
10%
Scout Car BA-9
10%
Scout Tank BT-7A
10%
Tank Destroyer SU-122-54
10%
Tank Destroyer Object 263
9%
Tank Destroyer SU-76M
9%
Light Tank T-126
9%
Light Tank LTTB
8%
Tank Destroyer SU-122-44
8%
Tank Destroyer SU-76I
8%
Light Tank T-127
8%
Flame Thrower TO-55
8%
Medium Tank A-43
7%
Medium Tank A-44
7%
Tank Destroyer AT-1
7%
Scout Car BA-20
7%
Heavy Tank IS-2M
7%
Tank Destroyer ISU-122S
7%
Light Tank MT-25
7%
Tank Destroyer SU-100M1
7%
Tank Destroyer SU-85I
7%
Light Tank T-111
7%
Medium Tank T-34-85M
7%
Medium Tank T-62A
7%
Scout Car BA-21
6%
Scout Car BA-23
6%
Scout Car BA-27
6%
Scout Car BA-30
6%
Scout Tank BT-SV
6%
Tank Destroyer ISU-130
6%
Light Tank MS-2
6%
Tank Destroyer Object 704
6%
Artillery Destroyer | Tank Destroyer SU-14-2
6%
Tank Destroyer SU-85B
6%
Light Tank T-116
6%
Tank Destroyer ASU-76
5%
Light Tank LTG
5%
Artillery Destroyer Object 261
5%
Heavy Tank Object 277
5%
Medium Tank Object 430
5%
ALT PT-1
5%
Artillery Destroyer | Tank Destroyer SU-14-1
5%
Light Tank T-100 LT
5%
Medium Tank T-44-85
5%
Heavy Tank K-2
4%
Flame Thrower KhT-26
4%
Light Tank LTP
4%
Heavy Tank Object 777
4%
Heavy Tank ST-I
4%
Tank Destroyer T-103
4%
Scout Tank T-26-5
4%
Tank Destroyer AT-2
3%
Scout Tank BT-203
3%
Scout Tank D-10
3%
Scout Tank D-11
3%
Scout Car D-12
3%
Scout Car D-13
3%
Scout Car D-18
3%
Scout Car D-18/37
3%
Tankette D-44
3%
Tankette D-7
3%
Scout Car D-8
3%
Scout Car D-9
3%
Heavy Tank K-1
3%
Heavy Tank K-3
3%
Flame Thrower KhT-130
3%
Flame Thrower KhT-133
3%
Flame Thrower KhT-134
3%
Heavy Tank Object 257
3%
Medium Tank Object 416
3%
Flame Thrower OT-54
3%
Flame Thrower OT-7
3%
Artillery Destroyer S-51
3%
Tank Destroyer SU-100S
3%
Medium Tank T-28M
3%
ALT T-43-2
3%
Light Tank T-50-2
3%
Tank Destroyer 2S15
2%
Scout Car BA-6S
2%
Scout Car BAD-1
2%
Scout Car BAD-2
2%
Scout Car BDT
2%
Scout Tank D-38
2%
Scout Car DTR
2%
Scout Car FAI
2%
Scout Car FAI-2
2%
Scout Car FVV
2%
Scout Car GAZ-TK
2%
Heavy Tank IS-2-II
2%
Heavy Tank IS-3-II
2%
Medium Tank K-91
2%
Flame Thrower KhT-27
2%
Scout Car KS-18
2%
Flame Thrower MKhT-1
2%
Heavy Tank Object 244
2%
Medium Tank Object 430 II
2%
Medium Tank Object 430U
2%
Heavy Tank Object 705
2%
Heavy Tank Object 752
2%
Flame Thrower OT-132
2%
Scout Car PB-4
2%
Scout Car PB-7
2%
Tank Destroyer SU-100M2
2%
Artillery Destroyer SU-122A
2%
Tank Destroyer SU-130PM
2%
Light Tank T-54 LT
2%
Artillery Destroyer 212A
1%
Tank Destroyer 2S14
1%
Tank Destroyer BSU-11-57F
1%
Heavy Tank IS-1M
1%
Heavy Tank IS-4-II
1%
Tank Destroyer ISU-152K
1%
Flame Thrower KhT-37
1%
Heavy Tank KV-202
1%
Tank Destroyer Object 327
1%
Heavy Tank Object 705A
1%
Tank Destroyer Object 706
1%
Tank Destroyer SG-122
1%
Medium Tank STG
1%
Heavy Tank ST-II
1%
Old Destroyer SU-4S
1%
Heavy Tank T-10B
1%
Light Tank T-126-SP
1%
Heavy Tank T-64-2
1%
Tank Destroyer U-18
1%
Tank Destroyer U-34
1%
Tank Destroyer U-35
1%
Artillery Destroyer 212B
0%
Scout Car D-14-1
0%
Scout Car D-14-2
0%
Heavy Tank IS-6-II
0%
Heavy Tank K-2B
0%
Tank Destroyer K-73
0%
Tank Destroyer K-91-PT
0%
Heavy Tank KV-1SA
0%
Heavy Tank KV-202-2
0%
Heavy Tank KV-202-6
0%
Heavy Tank KV-206
0%
Heavy Tank KV-206-2
0%
Heavy Tank KV-2R
0%
Tank Destroyer KV-4 KTTS
0%
Light Tank MT-35
0%
Artillery Destroyer Object 161
0%
Artillery Destroyer Object 171
0%
Heavy Tank Object 257 PA
0%
Tank Destroyer Object 263B
0%
Tank Destroyer Object 268B
0%
Artillery Destroyer Object 271
0%
Tank Destroyer Object 574
0%
Artillery Destroyer Object 701
0%
Artillery Destroyer Object 711
0%
Artillery Destroyer Object 711B
0%
Artillery Destroyer Object 711D
0%
Artillery Destroyer SPG
0%
Artillery Destroyer SU-10S
0%
Artillery Destroyer SU-10Y
0%
Tank Destroyer SU-140PM
0%
Tank Destroyer SU-2-122
0%
Artillery Destroyer SU-8M
0%
Tank Destroyer T-103S
0%
Light Tank T-150 LT
0%
No matching quizzes found
Score Distribution
Percent of People with Each Score
Percentile by Number Answered
Your Score History
You have not taken this quiz since the last reset